LEADER 04246 am 2200865 n 450 001 9910149355403321 005 20160426 010 $a2-84133-813-4 024 7 $a10.4000/books.puc.7787 035 $a(CKB)4330000000030636 035 $a(FrMaCLE)OB-puc-7787 035 $a(oapen)https://directory.doabooks.org/handle/20.500.12854/52360 035 $a(PPN)197596118 035 $a(EXLCZ)994330000000030636 100 $a20161027j|||||||| ||| 0 101 0 $afre 135 $auu||||||m|||| 181 $ctxt$2rdacontent 182 $cc$2rdamedia 183 $acr$2rdacarrier 200 10$aDe l?hérétique à la sainte $eLes procès de Jeanne d?Arc revisités /$fFrançois Neveux 210 $aCaen $cPresses universitaires de Caen$d2016 215 $a1 online resource (350 p.) 311 $a2-84133-421-X 330 $aJeanne d?Arc est à la fois l?une des figures les mieux connues du Moyen Âge et l?une des plus énigmatiques. Elle a été l?objet de deux procès, de condamnation (1431) et de réhabilitation (1456). Ces procès d?Église étaient des procès politiques : à travers Jeanne, le premier cherchait à déconsidérer Charles VII et le second à lui restituer son honneur. Cet ouvrage a pour objet de présenter à un large public les résultats récents de la recherche : le contexte historique du procès ? celui d?une occupation d?une bonne partie du royaume de France par les Anglais ? ainsi que certains aspects juridiques (le premier procès dirigé par Pierre Cauchon, évêque de Beauvais, suit étroitement les règles de la procédure d?inquisition). D?autres aspects, linguistiques ou historiques, sont pour la première fois analysés. C?est ainsi que le latin, langue de la traduction officielle du premier procès, est étudié, de même que le second procès est éclairé par l?analyse des mémoires relatifs au procès de condamnation produits par de savants clercs pour la procédure de révision. Est également étudiée la représentation des procès, qui a beaucoup évolué dans le temps, du XVIe au XXe siècle. Cette évolution est sensible aussi bien dans l?historiographie que dans la littérature, les arts plastiques, le cinéma ou la musique. Jeanne a été en effet considérée tour à tour comme une hérétique, une illuminée, une sainte et une héroïne nationale, et son image peut se prêter à toutes les récupérations politiques. 606 $aMedieval & Renaissance Studies 606 $aLiterature (General) 606 $aJeanne d'Arc 606 $ahistoire 606 $aMoyen Âge 606 $acondamnation 606 $aréhabilitation 606 $alittérature française 606 $aart 610 $aart 610 $ahistoire 610 $acondamnation 610 $aréhabilitation 610 $alittérature française 610 $aMoyen-âge 610 $aJeanne d'Arc 615 4$aMedieval & Renaissance Studies 615 4$aLiterature (General) 615 4$aJeanne d'Arc 615 4$ahistoire 615 4$aMoyen Âge 615 4$acondamnation 615 4$aréhabilitation 615 4$alittérature française 615 4$aart 700 $aAmiel$b Vincent$0560093 701 $aBouet$b Pierre$0222726 701 $aBougy$b Catherine$01286952 701 $aBouzy$b Olivier$01286953 701 $aChaline$b Nadine-Josette$0239655 701 $aContamine$b Philippe$0133791 701 $aCurry$b Anne$01143073 701 $aDeramond$b Julie$01286156 701 $aDesbordes$b Olivier$0172505 701 $aFraioli$b Deborah$01286954 701 $aGirault$b Pierre-Gilles$01240628 701 $aGuéret-Laferté$b Michèle$0387620 701 $aLardin$b Philippe$01284353 701 $aMichaud-Fréjaville$b Françoise$01286955 701 $aNeveux$b François$0763760 701 $aPoirey$b Sophie$01286956 701 $aRigolet$b Yann$01286957 701 $aSadourny$b Alain$01286958 701 $aTabbagh$b Vincent$01282538 701 $aNeveux$b François$0763760 801 0$bFR-FrMaCLE 906 $aBOOK 912 $a9910149355403321 996 $aDe l?hérétique à la sainte$93020000 997 $aUNINA LEADER 03464oam 22008535 450 001 9910777973303321 005 20200520144314.0 010 $a1-282-06087-2 010 $a9786612060878 010 $a0-8213-7784-1 024 7 $a10.1596/978-0-8213-6478-9 035 $a(CKB)1000000000764069 035 $a(EBL)459489 035 $a(OCoLC)567812602 035 $a(SSID)ssj0000088498 035 $a(PQKBManifestationID)11981247 035 $a(PQKBTitleCode)TC0000088498 035 $a(PQKBWorkID)10082117 035 $a(PQKB)11118027 035 $a(MiAaPQ)EBC459489 035 $a(MiAaPQ)EBC5292502 035 $a(Au-PeEL)EBL459489 035 $a(CaPaEBR)ebr10288138 035 $a(CaONFJC)MIL1144227 035 $a(OCoLC)936300937 035 $a(Au-PeEL)EBL5292502 035 $a(CaONFJC)MIL206087 035 $a(OCoLC)1028939877 035 $a(The World Bank)ocn144514210 035 $a(US-djbf)15545963 035 $a(EXLCZ)991000000000764069 100 $a20081205d2009 uf 0 101 0 $aeng 135 $aurcn||||||||| 181 $ctxt$2rdacontent 182 $cc$2rdamedia 183 $acr$2rdacarrier 200 10$aNew industries from new places : $ethe emergence of the software and hardware industries in China and India /$fNeil Gregory, Stanley Nollen, Stoyan Tenev 210 1$aStanford, Calif. :$cStanford Economics and Finance/Stanford University Press ;$aWashington, D.C. :$cWorld Bank$d[2009] 210 4$dcopyright 2009. 215 $axvii, 255 pages $cillustrations ;$d23 cm 300 $aDescription based upon print version of record. 311 $a0-8047-6280-5 311 $a0-8213-6478-2 320 $aIncludes bibliographical references (p. 229-239) and index. 327 $aContents; Foreword; Acknowledgments; About the Authors; Abbreviations; Part I Foundations; Tables; Figures; Boxes; Part II Software; Part III Hardware; Part IV Summary and Conclusions; References and Other Resources; Index 330 $aSoftware comes from India, hardware comes from China. Why is that? Why did China and India take such different paths to global dominance in new high-tech industries? Will their paths continue to diverge or converge? How can other countries learn from their successes and failures in reaching global scale in new industries? To answer these questions, this book presents the first rigorous comparison of the growth of the IT industries in China and India, based on interviews with over 300 companies. It explains the different growth paths of the software and hardware sectors in each country, providi 410 0$aWorld Bank e-Library. 606 $aComputer software industry$zChina 606 $aComputer software industry$zIndia 606 $aComputer industry$zChina 606 $aComputer industry$zIndia 615 0$aComputer software industry 615 0$aComputer software industry 615 0$aComputer industry 615 0$aComputer industry 676 $a338.4/70040951 700 $aGregory$b Neil F$0280172 701 $aNollen$b Stanley D$01503860 701 $aTenev$b Stoyan$f1961-$0280173 801 0$bDLC 801 1$bDLC 801 2$bBTCTA 801 2$bBAKER 801 2$bYDXCP 801 2$bUKM 801 2$bC#P 801 2$bCDX 801 2$bBWX 801 2$bDLC 906 $aBOOK 912 $a9910777973303321 996 $aNew industries from new places$93732546 997 $aUNINA